47-> Szczygłowice Centrum Przesiadkowe - Statystyki

Ogólne statystyki
  • Ten quiz został rozwiązany 2 razy
  • Średni wynik to 25 z 34
Statystyki odpowiedzi
Miasto Przystanek % Poprawnych
Gierałtowice Gierałtowice Kościół
100%
Gierałtowice Gierałtowice Wyzwolenia
100%
Zabrze Guido Kopalnia Zabytkowa
100%
Zabrze Guido Osiedle
100%
Knurów Knurów Centrum Przesiadkowe
100%
Knurów Knurów Kino
100%
Knurów Knurów Wojska Polskiego
100%
Knurów Krywałd Stadion
100%
Zabrze Makoszowy Pętla
100%
Przyszowice Przyszowice Kościół
100%
Przyszowice Przyszowice Przejazd Kolejowy
100%
Przyszowice Przyszowice Skrzyżowanie
100%
Knurów Szczygłowice Centrum Przesiadkowe
100%
Knurów Szczygłowice Kopalnia
100%
Zabrze Zabrze De Gaullea Ślęczka
100%
Zabrze Zabrze Goethego
100%
Zabrze Zabrze Komenda Policji
100%
Zabrze Zabrze Politechnika Śląska
100%
Gierałtowice Gierałtowice Granica
50%
Gierałtowice Gierałtowice Skrzyżowanie
50%
Knurów Knurów Dworcowa
50%
Knurów Knurów Kosmonautów
50%
Knurów Knurów Poczta
50%
Knurów Knurów Remiza
50%
Knurów Krywałd Zacisze
50%
Zabrze Makoszowy Koksownia
50%
Zabrze Makoszowy Legnicka
50%
Zabrze Makoszowy Oszka
50%
Przyszowice Przyszowice Grobla
50%
Knurów Szczygłowice Skrzyżowanie
50%
Zabrze Zabrze Hala MOSIR
50%
Knurów Knurów Rybna
0%
Knurów Krywałd Michalskiego
0%
Zabrze Makoszowy Strzelnica
0%
Nie znaleziono quizów pasujących do podanych kryteriów
Rozkład punktacji
Procent ludzi z każdym wynikiem
Percentyl według liczby udzielonych odpowiedzi
Twoja historia wyników
Nie rozwiązałeś tego quizu